| 000 | 00503nam a22001937a 4500 | ||
|---|---|---|---|
| 003 | MPLRDC | ||
| 005 | 20220104202043.0 | ||
| 008 | 210129b ||||| |||| 00| 0 eng d | ||
| 020 | _a978-986-7879-45-5 | ||
| 082 | _a175.1 ROC | ||
| 100 | _a萝柯 ANDREA ROCK | ||
| 245 |
_a梦的科学新解析 _c吴妍仪 译 |
||
| 250 | _a初版三刷 | ||
| 260 |
_a台湾 _b猫头鹰出版 _c2017 |
||
| 300 | _b平 | ||
| 520 | _a上架 2017-10-01。 | ||
| 650 | _a梦;睡眠心理 | ||
| 942 |
_cBK _o175.1 ROC |
||
| 999 |
_c67460 _d67450 |
||